000 02114nam a22002897a 4500
999 _c58319
_d58319
003 Ge_BSU
005 20211104143151.0
008 211104s2021 xxu||||| |||| 00| 0 geo d
020 _a9789941479816
041 _ageo
080 _a1:050 შ-92
100 _aშტრაუსი, ლეო
_912810
245 _aწერილები "ჭეშმარიტება და მეთოდის'' შესახებ
_cლეო შტრაუსი, ჰანს-გეორგ გადამერი; ქართულად თარგმნა გიორგი ხუროშვილმა; რედ. თენგიზ ირემაძე, ჰელმუტ შნაიდერი; ახალი საქართველოს უნივერსიტეტი. კავკასიური ფილოსოფიისა და თეოლოგიის სამეცნიერო-კვლევითი არქივი.
250 _aპირველი გამოცემა
264 _aთბილისი :
_bნეკერი,
_c2021.
300 _a46 გვ.;
_b15 სმ.
440 _aაღმოსავლეთი და დასავლეთი -კულტურათა დიალოგი
_vტ.13
_96939
500 _aპარალ. სათ ინგლ. ენ
501 _aსახელთა საძიებელი გვ. 42
504 _aბიბლიოგრ. შენიშვნა გვ. 41
653 _aფილოსოფია
653 _aჭეშმარიტება
700 _aგადამერი, ჰანს-გეორგ
_eავტორი
_912811
700 _aხუროშვილი, გიორგი
_eმთარგმნელი
_95941
710 _aახალი საქართველოს უნივერსიტეტი
_bკავკასიური ფილოსოფიისა და თეოლოგიის სამეცნიერო-კვლევითი არქივი
_912812
942 _2udc
_cBK